Sports Quiz

Random Sports or Basketball Quiz

Patriot League Quiz Stats

 Plays Quiz Updated Aug 13, 2019

Score 0/20 Timer 05:00
2 Plays Today
% Correct
Bucknell
69.7%
Army
69.3%
Navy
68.7%
Lehigh
68.4%
American
64.4%
Holy Cross
60.6%
Lafayette
60.3%
Colgate
56.8%
Bison
51.6%
Boston
51.5%
% Correct
Midshipmen
49.9%
Eagles
47.3%
Black Knights
45.4%
Crusaders
42.8%
Mountain Hawks
40.7%
Loyola (MD)
38.3%
Terriers
36.7%
Leopards
35.6%
Raiders
30%
Greyhounds
29.7%

You're not logged in!

Compare scores with friends on all Sporcle quizzes.
OR
Log In

Sporcle TV

Today on Sporcle TV


Watch our educational content, quiz creation guides, and fun videos on Sporcle TV.

Show Comments

Extras

Top Quizzes Today


Score Distribution

Your Account Isn't Verified!

In order to create a playlist on Sporcle, you need to verify the email address you used during registration. Go to your Sporcle Settings to finish the process.

Report this User

Report this user for behavior that violates our Community Guidelines.

Details: